000 00360nam a2200133Ia 4500
008 240624s9999 xx 000 0 und d
041 _aeng
082 _a364.15 BOL
100 _aBOLKOVAC KATHRYN
245 _aWHISTLEBLOWER SEX TRAFFICKING MILITARY C
260 _c2011
_aNew York
_bPalgrave Macmillan
300 _avii, : 240 : p. : cm. ; 23
365 _c
_b50
999 _c27360
_d27360